[Event "Florianopolis op 9th"]
[Site "Florianopolis"]
[Date "2023.01.26"]
[Round "5"]
[White "Tamayo, Jose Luis"]
[Black "Monauer, Caique"]
[Result "0-1"]
[WhiteElo "1805"]
[BlackElo "1533"]
[PlyCount "64"]
[EventDate "2023.01.23"]
[EventType "swiss"]
[EventRounds "10"]
[EventCountry "BRA"]
[SourceTitle "CBM 212 Extra"]
[Source "ChessBase"]
[SourceDate "2023.03.31"]
[SourceVersion "1"]
[SourceVersionDate "2023.03.31"]
[SourceQuality "1"]

1. e4 e5 2. Nf3 Nc6 3. Bb5 a6 4. Ba4 d6 5. d4 b5 6. Bb3 Nxd4 7. Nxd4 exd4 8. Qxd4 c5 9. Qd5 Be6 10. Qc6+ Bd7 11. Qd5 c4 12. Bxc4 bxc4 13. Qxc4 Nf6 14. Nc3 Be7 15. Bf4 0-0 16. 0-0 Qa5 17. Rfd1 Rac8 18. Qd4 Be6 19. h3 Rc4 20. Qa7 Rc7 21. Qe3 Rd7 22. g4 Rb8 23. e5 dxe5 24. Qxe5 Rbd8 25. Rxd7 Rxd7 26. a3 Nd5 27. Nxd5 Qxd5 28. Bg3 Bc5 29. Qe2 h5 30. Re1 hxg4 31. hxg4 Qg5 32. b4 Ba7 0-1

[Event "Florianopolis op 9th"]
[Site "Florianopolis"]
[Date "2023.01.24"]
[Round "3"]
[White "Tamayo, Jose Luis"]
[Black "De Oliveira, Gustavo Alfredo Bue"]
[Result "0-1"]
[WhiteElo "1805"]
[BlackElo "2150"]
[PlyCount "82"]
[EventDate "2023.01.23"]
[EventType "swiss"]
[EventRounds "10"]
[EventCountry "BRA"]
[SourceTitle "CBM 212 Extra"]
[Source "ChessBase"]
[SourceDate "2023.03.31"]
[SourceVersion "1"]
[SourceVersionDate "2023.03.31"]
[SourceQuality "1"]

1. e4 c5 2. Nc3 d6 3. f4 e6 4. Nf3 Be7 5. Bb5+ Bd7 6. 0-0 Nf6 7. d3 0-0 8. Bc4 Bc6 9. Qe1 d5 10. Bb3 b5 11. e5 c4 12. exf6 Bxf6 13. d4 cxb3 14. axb3 b4 15. Na4 Bb5 16. Rf2 Nc6 17. Be3 Bxa4 18. Rxa4 Qb6 19. Rd2 Rad8 20. Ne5 Ne7 21. Ng4 Nf5 22. Nxf6+ gxf6 23. Bf2 Nd6 24. Rd3 a5 25. Rh3 Ne4 26. Be3 Qc7 27. Qe2 f5 28. Ra1 Kh8 29. Rc1 Rg8 30. c4 bxc3 31. bxc3 Qb7 32. Qh5 Rg7 33. Qd1 Rdg8 34. g3 Rb8 35. b4 axb4 36. cxb4 Qxb4 37. Kg2 Nd6 38. Bd2 Qb3 39. Qe2 Nc4 40. Be1 Qb2 41. Rc2 Qxc2 0-1

[Event "ARG-ch 96th"]
[Site "Buenos Aires"]
[Date "2022.06.04"]
[Round "3"]
[White "Villarreal, Agustin"]
[Black "Tamayo, Jose Luis"]
[Result "1-0"]
[WhiteElo "2140"]
[BlackElo "1841"]
[PlyCount "77"]
[EventDate "2022.06.02"]
[EventType "swiss"]
[EventRounds "11"]
[EventCountry "ARG"]
[SourceTitle "CBM 208 Extra"]
[Source "ChessBase"]
[SourceDate "2022.07.31"]
[SourceVersion "1"]
[SourceVersionDate "2022.07.31"]
[SourceQuality "1"]

1. d4 Nf6 2. Nf3 e6 3. c4 Bb4+ 4. Bd2 Qe7 5. Qc2 b6 6. e4 Bb7 7. Bd3 Bxd2+ 8. Nbxd2 d6 9. 0-0 e5 10. dxe5 dxe5 11. c5 0-0 12. Rac1 Nc6 13. Bb5 Nd4 14. Nxd4 exd4 15. cxb6 cxb6 16. Qc7 Qb4 17. Qxb7 Qxb5 18. b3 Qe2 19. Nf3 Qxe4 20. Qxe4 Nxe4 21. Nxd4 g6 22. Nc6 a5 23. g3 Kg7 24. Rfd1 Nc5 25. Rd6 Ne6 26. Ne5 Rac8 27. Rxc8 Rxc8 28. Rxb6 Rc2 29. a4 Re2 30. Nc4 Nd4 31. Nxa5 Nf3+ 32. Kg2 Ne5 33. Rd6 h5 34. h3 g5 35. Nc6 Ng6 36. a5 h4 37. a6 Ra2 38. a7 hxg3 39. Kxg3 1-0

[Event "Buenos Aires Faogba Verano U2000"]
[Site "Buenos Aires"]
[Date "2016.12.15"]
[Round "1.1"]
[White "Romano, Guillermo"]
[Black "Tamayo, Jose Luis"]
[Result "1-0"]
[WhiteElo "1715"]
[BlackElo "1895"]
[PlyCount "47"]
[EventDate "2016.12.15"]
[EventType "swiss"]
[EventRounds "6"]
[EventCountry "ARG"]
[SourceTitle "EXT 2024"]
[Source "ChessBase"]
[SourceDate "2023.10.10"]
[SourceVersion "1"]
[SourceVersionDate "2023.10.10"]
[SourceQuality "1"]

1. e4 e5 2. d4 exd4 3. Bc4 Nf6 4. Nf3 Bb4+ 5. c3 dxc3 6. bxc3 Bc5 7. e5 Qe7 8. 0-0 Ne4 9. Qd3 Nxf2 10. Rxf2 Bxf2+ 11. Kxf2 h6 12. Ba3 c5 13. Nbd2 Nc6 14. Ne4 b6 15. Nd6+ Kf8 16. Nxf7 Rg8 17. Qh7 Qxf7 18. Bxf7 Kxf7 19. Nh4 Rf8 20. Re1 Bb7 21. Kg1 Rg8 22. Rf1+ Ke7 23. Nf5+ Ke6 24. Nd6 1-0

[Event "Rio Tercero CF 60 years"]
[Site "Rio Tercero"]
[Date "2012.04.29"]
[Round "4"]
[White "Alvarez, Agustin"]
[Black "Tamayo, Jose Luis"]
[Result "1-0"]
[WhiteElo "1817"]
[BlackElo "1988"]
[PlyCount "59"]
[EventDate "2012.04.28"]
[EventType "swiss"]
[EventRounds "9"]
[EventCountry "ARG"]
[SourceTitle "EXT 2013"]
[Source "ChessBase"]
[SourceDate "2012.11.22"]
[SourceVersion "1"]
[SourceVersionDate "2012.11.22"]
[SourceQuality "1"]

1. e4 e5 2. Nf3 Nc6 3. d4 exd4 4. Bc4 Nf6 5. e5 d5 6. Bb5 Ne4 7. Nxd4 Bd7 8. Bxc6 bxc6 9. 0-0 Be7 10. f3 Ng5 11. f4 Ne4 12. Nc3 Nxc3 13. bxc3 0-0 14. f5 c5 15. Nb3 Bb5 16. Rf3 f6 17. a4 Bc4 18. e6 Bxb3 19. cxb3 Bd6 20. Rh3 Be5 21. Qh5 h6 22. Bxh6 Qe8 23. Qg4 Qe7 24. Bd2 g5 25. fxg6 f5 26. Qh5 Rfe8 27. Re1 Bg7 28. Qh7+ Kf8 29. Bh6 Bxh6 30. Qh8# 1-0